20 Favourite Brands of UK Children - Statistics

General Stats
  • This quiz has been taken 314 times
  • The average score is 7 of 20
Answer Stats
Hint Answer % Correct
1 - Crisps Walker's Crisps
95%
3 - Restaurant McDonalds
79%
4 - Beverage Coca-Cola
78%
20 - Sports brand Nike
58%
5 - Console Nintendo Wii
52%
19 - TV Channel CBBC
47%
12 - Confectionery Cadbury's Dairy Milk
41%
15 - Cereal Kellogg's Coco Pops
40%
8 - Confectionery Haribo
30%
13 - Electronic product Apple iPhone
24%
9 - Console Nintendo DS
24%
6 - Website YouTube
24%
11 - Shop GAME
20%
18 - Electronic product iPod
14%
14 - Toy Lego
11%
16 - Confectionery Kit Kat
8%
2 - TV Show The Simpsons
8%
7 - Confectionery Maltesers
5%
10 - Game Wii Sports
4%
17 - Confectionery Jaffa Cakes
2%
No matching quizzes found
Score Distribution
Percent of People with Each Score
Percentile by Number Answered
Your Score History
You have not taken this quiz